=LDR 00000nam 2200000 4500 =001 000407 =005 20250710032825 =035 ##$$a 0010-0725000269 =007 ta =008 250710################a##########0#ind## =020 ##$$a 978-623-437-996-4 =082 ##$$a 398.209 598 =084 ##$$a 398.209 598 NUR n =100 #$$a Nurhidayati, Fajriatun =245 1#$$a Nyadran /$c Fajriatun Nurhidayati =250 ##$$a Cetakan Ketiga =260 ##$$a Jakarta :$b Badan Pengembangan dan Pembinaan Bahasa,$c 2020 =300 ##$$a 26 hlm. : $b ilus. ; $c 29,7 cm =650 #4$$a TRADISI DAN ADAT ISTIADAT-JAWA =650 #4$$a LITERASI-BAHAN BACAAN =990 ##$$a TBM01310131